000 00631nam a2200193 a 4500
005 20240919064120.0
008 991125s1967 mx 000 0 spa u
035 _aUPN01000008168
049 _aCG
050 4 _aKGC325 1917
_bC3.2
100 1 _aCano Palacios, Celerino,
_d1889-1969
_928059
245 1 0 _aCincuentenario de la Constitución de 1917 /
_cCelerino Cano.
260 _aMéxico :
_bCNTE,
_c1967.
300 _a200 h.
440 0 _aConmemorativa ;
_v2
610 1 2 _aMéxico.
_tConstitución política (1917)
_927956
651 4 _aMEXICO -
_xHISTORIA CONSTITUCIONAL -
_vDISCURSOS, ENSAYOS, CONFERENCIAS, ETC.
905 _aLibro
999 _c8168
_d8168